000 00303nam a22001337a 4500
008 171025b xxu||||| |||| 00| 0 eng d
020 _a9781566622288
041 _aeng
080 _23RD
_a336.2
100 _a55
101 _aTAK
245 _aFEDERAL CORPORATE TAXATION
_cABRAMS,H.E
942 _2udc
_cBK
999 _c35839
_d35839